000
00226nam a22000977a 4500
003
SGT
245
_a
Oral Surgery Oral Medicine Oral Pathology Oral Padio.
260
_b
Elsevier Publisher
_c
2021
300
_a
753
942
_2
ddc
_c
BV
999
_c
30376
_d
30376